000 00677nam a2200205Ii 4500
003 JO-AjNU
008 230605s9999||||xx |||||||||||||| ||und||
040 _aJO-AjNU
_bara
_erda
_cJO-AjNU
041 _aara
050 1 4 _aPJ6167.Z39 2007
100 3 _aزايد، فهد خليل,
_eauthor
_924517
245 0 0 _a 2000خطأ شائع بين العامة و الخاصة
250 _aط1
264 3 1 _aعمان: دار النفائس للنشر والتوزيع، 2007
300 _a208ص
336 _atext
_btxt
_2rdacontent
337 _aunmediated
_bn
_2rdamedia
338 _avolume
_bnc
_2rdacarrier
650 4 _aاللغة العربية - أخطاء شائعة
_924518
999 _aA9042
_c12610
_d12610